MDQL
is popping MORE tags! Check the
thread
!
Quizzes
Events
Quiz Creation
Community
Videos
Private Events
Remove Ads
Sign In
Join for FREE
Feedback
Dark Mode
Quiz Categories
Sports
Geography
Music
Movies
Television
Just For Fun
Miscellaneous
History
Literature
Language
Science
Gaming
Entertainment
Religion
Holiday
For Kids
Quiz Lab
Recent
Popular Today
Quiz Kudos Today
Editor Picks
Curator Picks
Quizzes by...
Day
Popularity
Type
Ratings
Length
Year
Community
Subscriptions
Recent Discussions
Orange Saloon
Badges
Playlists
Quests
Create
Leaderboards
Showdown
Live 5
Trivia Bingo
Activity
Puzzle Library
Sporcle Events
Private Events
Virtual Trivia
Globe League
Become a Host
Pub Owners
SporcleCon
Opinionation
Our Games
Videos
Blog
Mobile Apps
Partnerships
Remove Ads and Go Orange
Feedback
Sports
Athletes
MLB
NBA
NHL
NFL
Soccer
Sports Teams
WWE
NCAA
Football
Premier League
Basketball
Baseball
Hockey
Golf
Tennis
Cricket
Rugby
Auto Racing
Olympics
World Cup
Sports
Athletes
MLB
NBA
NHL
NFL
Soccer
Sports Teams
WWE
NCAA
Football
Premier League
Basketball
Baseball
Hockey
Golf
Tennis
Cricket
Rugby
Auto Racing
Olympics
World Cup
Random Quiz
Search Sporcle
×
Quiz Lab
Quiz Lab
Sports
Cycling
Type in answers that appear in a list
Type in answers that appear in a list
Classic
Best Score? Go Orange.
Cycling 2017: Spring Classics Stats
Can you name the top riders of the spring classics and semi classics of 2017?
By
simonfolkesson
10m
140 Questions
963 Plays
963 Plays
963 Plays
Comments
Comments
Give Quiz Kudos
Give Quiz Kudos
-
- Ratings
hide this ad
Replay
Link that replays current quiz
Next Quiz
Link to next quiz in quiz playlist
You Got
0%
They Got
Avg Score
64%
Avg Friend Score
Upgrade to see
Score Distribution
Jump to the score distribution portion of the page
Score
0/140
Timer
10:00
0
Plays Today
hint
answer
% Correct
Milano-
Sanremo
Peter Sagan
99.1%
Gent-
Wevelgem
Peter Sagan
99.1%
Omloop Het Nieuwsblad
Peter Sagan
99%
Kuurne-
Bruxelles-
Kuurne
Peter Sagan
99%
Paris-
Roubaix
Greg Van Avermaet
98.6%
E3 Harelbeke
Greg Van Avermaet
98.6%
Strade Bianche
Greg Van Avermaet
98.6%
Ronde van Vlaanderen
Greg Van Avermaet
98.6%
Omloop Het Nieuwsblad
Greg Van Avermaet
98.5%
Kuurne-
Bruxelles-
Kuurne
Greg Van Avermaet
98.5%
Gent-
Wevelgem
Greg Van Avermet
98%
Amstel Gold Race
Michal Kwiatkowski
97.6%
La Fleche Wallonne
Michal Kwiatkowski
97.5%
Liege-
Bastogne-
Liege
Michal Kwiatkowski
97.5%
Milano-
Sanremo
Michal Kwiatkowski
97.5%
Strade Bianche
Michal Kwiatkowski
97.3%
Amstel Gold Race
Philippe Gilbert
96.3%
Ronde van Vlaanderen
Philippe Gilbert
96.2%
Dwars Door Vlaanderen
Philippe Gilbert
96.2%
E3 Harelbeke
Philippe Gilbert
96.1%
Paris-
Roubaix
Zdenek Stybar
94.8%
Strade Bianche
Zdenek Stybar
94.3%
Milano-
Sanremo
Alexander Kristoff
94.2%
La Fleche Wallonne
Alejandro Valverde
94.1%
La Fleche Wallonne
Daniel Martin
94.1%
Liege-
Bastogne-
Liege
Alejandro Valverde
94.1%
Liege-
Bastogne-
Liege
Daniel Martin
94.1%
Ronde van Vlaanderen
Alexander Kristoff
94.1%
Kuurne-
Bruxelles-
Kuurne
Zdenek Stybar
94%
Milano-
Sanremo
Arnaud Demare
92.5%
Paris-
Roubaix
Arnaud Demare
92.1%
Gent-
Wevelgem
Michael Matthews
91.8%
Amstel Gold Race
Michael Matthews
91.8%
Kuurne-
Bruxelles-
Kuurne
Arnaud Demare
91.6%
Liege-
Bastogne-
Liege
Michael Matthews
91.5%
Gent-
Wevelgem
John Degenkolb
90.6%
Milano-
Sanremo
Elia Viviani
90.5%
Scheldeprijs
Elia Viviani
90.4%
Ronde van Vlaanderen
John Degenkolb
90.2%
Milano-
Sanremo
John Degenkolb
90.2%
Paris-
Roubaix
John Degenkolb
90.1%
Milano-
Sanremo
Fernando Gaviria
90%
Milano-
Sanremo
Nacer Bouhanni
90%
Gent-
Wevelgem
Fernando Gaviria
90%
Scheldeprijs
Nacer Bouhanni
89.7%
Gent-
Wevelgem
Niki Terpstra
89.7%
Ronde van Vlaanderen
Niki Terpstra
89.4%
hint
answer
% Correct
E3 Harelbeke
Oliver Naesen
88.4%
Dwars Door Vlaanderen
Oliver Naesen
88.1%
Milano-
Sanremo
Julian Alaphilippe
87.7%
Scheldeprijs
Marcel Kittel
87.3%
Omloop Het Nieuwsblad
Oliver Naesen
86%
Kuurne-
Bruxelles-
Kuurne
Oliver Naesen
86%
Omloop Het Nieuwsblad
Sep Vanmarcke
85.7%
Amstel Gold Race
Sergio Henao
84.6%
La Fleche Wallonne
Sergio Henao
84.5%
Paris-
Roubaix
Jasper Stuyven
83.3%
Amstel Gold Race
Michael Albasini
82.7%
La Fleche Wallonne
Michael Albasini
82.7%
Omloop Het Nieuwsblad
Jasper Stuyven
82.7%
Kuurne-
Bruxelles-
Kuurne
Jasper Stuyven
82.7%
Liege-
Bastogne-
Liege
Michael Albasini
82.6%
Paris-
Roubaix
Andre Greipel
82.5%
Liege-
Bastogne-
Liege
Romain Bardet
82.2%
Omloop Het Nieuwsblad
Luke Rowe
81.2%
Kuurne-
Bruxelles-
Kuurne
Luke Rowe
81.2%
Brabantse Pijl
Tim Wellens
80.7%
Strade Bianche
Tim Wellens
80.6%
Dwars Door Vlaanderen
Yves Lampaert
80.1%
Strade Bianche
Tom Dumoulin
79%
Strade Bianche
Thibaut Pinot
78.6%
E3 Harelbeke
Sonny Colbrelli
76.7%
Brabantse Pijl
Sonny Colbrelli
76.7%
Ronde van Vlaanderen
Sonny Colbrelli
76.6%
Trofeo Laigueglia
Matteo Trentin
76.5%
Omloop Het Nieuwsblad
Matteo Trentin
76.5%
Kuurne-
Bruxelles-
Kuurne
Mattteo Trentin
76.5%
Amstel Gold Race
Sonny Colbrelli
76.3%
Liege-
Bastogne-
Liege
Adam Yates
76.1%
Dwars Door Vlaanderen
Tiesj Benoot
75.8%
Kuurne-
Bruxelles-
Kuurne
Tiesj Benoot
75.5%
Strade Bianche
Tiesj Benoot
75.5%
Brabantse Pijl
Tiesj Benoot
75.3%
Paris-
Roubaix
Gianni Moscon
73.9%
Milano-
Sanremo
Caleb Ewan
72.6%
Amstel Gold Race
Ion Izagirre
71.8%
Paris-
Roubaix
Sebastian Langeveld
71.7%
Liege-
Bastogne-
Liege
Rafal Majka
70.7%
E3 Harelbeke
Tom Boonen
70.6%
Gent-
Wevelgem
Tom Boonen
70.5%
Dwars Door Vlaanderen
Dylan Van Baarle
70.1%
E3 Harelbeke
Dylan Van Baarle
70%
Ronde van Vlaanderen
Dylan Van Baarle
69.9%
Liege-
Bastogne-
Liege
Michael Woods
69.4%
hint
answer
% Correct
Dwars Door Vlaanderen
Alexey Lutsenko
68.1%
La Fleche Wallonne
Warren Barguil
67.7%
La Fleche Wallonne
Dylan Teuns
67.2%
Gent-
Wevelgem
Jens Keukeleire
66.6%
E3 Harelbeke
Michael Valgren
66.2%
Liege-
Bastogne-
Liege
Ion Izagirre
65%
Brabantse Pijl
Petr Vakoc
63.6%
La Fleche Wallonne
Diego Ulissi
61.6%
Paris-
Roubaix
Edward Theuns
60.2%
Trofeo Laigueglia
Fabio Felline
59.9%
Omloop Het Nieuwsblad
Fabio Felline
59.9%
Dwars Door Vlaanderen
Luke Durbridge
57.5%
Strade Bianche
Luke Durbridge
57.4%
E3 Harelbeke
Luke Durbridge
57.1%
Scheldeprijs
Jurgen Roelandts
54.1%
Ronde van Vlaanderen
Sylvain Chavanel
49.8%
Gent-
Wevelgem
Jens Debusschere
49.3%
Ronde van Vlaanderen
Filippo Pozzato
48.6%
Dwars Door Vlaanderen
Dylan Groenewegen
47.7%
Omloop Het Nieuwsblad
Adrien Petit
47%
Paris-
Roubaix
Adrien Petit
46.7%
E3 Harelbeke
Lukas Pöstlberger
46.5%
La Fleche Wallonne
David Gaudu
46.2%
Gent-
Wevelgem
Sacha Modolo
44.1%
Ronde van Vlaanderen
Sacha Modolo
43.4%
Strade Bianche
Christopher Juul-Jensen
42.3%
E3 Harelbeke
Alberto Bettiol
39.2%
Scheldeprijs
Pascal Ackermann
37.8%
Amstel Gold Race
Jose Joaquin Rojas
37.7%
Le Samyn
Florian Senechal
37.1%
Dwars Door Vlaanderen
Florian Senechal
37%
Le Samyn
Guillaume Van Keirsbulck
34.9%
Amstel Gold Race
Nathan Haas
32.9%
Kuurne-
Bruxelles-
Kuurne
Baptiste Planckaert
29.6%
Amstel Gold Race
Michael Gogl
29.2%
Le Samyn
Alex Kirsch
28.9%
La Fleche Wallonne
Rudy Molard
28.6%
Le Samyn
Iljo Keisse
27.9%
Omloop Het Nieuwsblad
Oscar Gatto
27.5%
Strade Bianche
Scott Thwaites
26%
Brabantse Pijl
Bert-Jan Lindeman
15.9%
Trofeo Laigueglia
Mauro Finetto
15.3%
Le Samyn
Frederik Backaert
15.1%
Dwars Door Vlaanderen
Mitchell Docker
13.6%
Trofeo Laigueglia
Romain Hardy
13%
Trofeo Laigueglia
Cyril Gautier
12.3%
Quiz Playlist
Details
Report
Send in Message
Add To Playlist
Classic:
Type in answers that appear in a list
Last Updated: Apr 27, 2017
Quiz Scoreboard
CHALLENGE
Sign Up to Join the Scoreboard
Show All
Scores
Hide
Comments
May contain spoilers
Recently Published
5x2 Blitz: Bands
by SL_Kpop136
Music
30s
Colored Red Africa Blitz
by spor1
Geography
30s
Find the 'City' Movie
by crazypaving
Movies
60s
More to Explore
Quiz From the Vault
Featured Blog Post
14 Easter Pick-up Lines to Find Eggs With
hide this ad
You Might Also Like...
Tags
competition
Cycling
Cycling Team
result
UCI Cycling
Today's Top Quizzes in Sports
Browse Sports
hide this ad
Today's Top Quizzes in Cycling
Browse Cycling
Top Contributed Quizzes in Sports
1
Players with Multiple 50 Home Run Seasons
2
Les entraîneurs de l'OM et du PSG au 21e siècle
3
Criteria MLB: Left Handed Sluggers
4
2022 World Cup Stars
5
Les meilleurs buteurs des matchs entre le PSG et l’OM
6
Who Hit More Homers?
7
Les joueurs passés par le PSG et l'OM
8
NBA Logic Puzzle 2.0
9
Top 10 NHL Goal Scorers of All Time
10
MLB Players with Two .350 Batting Average Seasons
Explore More
Trending Topics
Marvel
Crossword
Disney
Kpop
NBA
Anime
Harry Potter
Pokémon
Country
Song
WWE
The Office
Puzzle
NFL
Soccer
hide this ad
More By:
simonfolkesson
Quiz
Plays
Rating
Category
Featured
Created
Cycling 2019: Spring Classics
3,060
5.00
Sports
May 5, 2019
Cycling 2017: Winners of the World Tour
2,762
5.00
Sports
Mar 14, 2017
Cycling 2018: Spring Classics
1,478
5.00
Sports
Apr 25, 2018
Cycling 2017: Monuments
1,161
5.00
Sports
Apr 17, 2017
Cycling 2017: Spring Classics
963
5.00
Sports
Feb 28, 2017
Go to Creator's Profile
Score Distribution
Quiz Creator Spotlight
simonfolkesson
Follow
Send a Message
Quizzes Created
-
Created Quiz Play Count
-
More By This Creator
Popular Quizzes Today
1
Colored Red Africa Blitz
2
Find the 'City' Movie
3
Find the US States - No Outlines Minefield
4
5x2 Blitz: Bands
5
The Countries of the World
6
Find the US States
7
US States
8
9x9 Crossword: Cartoon Network
More Sports Quizzes
Quick Pick : Christian Laettner Teams by Logo
Quiz Lab
Trending Quizzes
Colored Red Europe Blitz I
Colored Red Europe Blitz II
Colored Red Africa Blitz II
Colored Red Europe Blitz III
Colored Red Africa Blitz III
Recently Updated
How Do You Spell That?
pecheneg
Godzilla Movies
pecheneg
Grab Bag: 4-10 Letters
pecheneg
2024 March Madness Bracket
pecheneg
Famous TV Couples
Peacemaker
Champions League XIs: Real Madrid
pecheneg
Largest US Cities 1790-2010
pecheneg
Rides in Walt Disney World
pecheneg
Most Oscar Losses (Acting)
pecheneg
Beyoncé Albums
pecheneg
Trending Topics
Harry Potter
Crossword
Disney
Marvel
Kpop
Anime
NBA
Country
Pokémon
WWE
Puzzle
NFL
Soccer
Song
The Office
Your Account Isn't Verified!
In order to create a playlist on Sporcle, you need to verify the email address you used during registration. Go to your
Sporcle Settings
to finish the process.
Report this User
Report this user for behavior that violates our
Community Guidelines
.
Details:
Send Report
Go to the Sporcle.com Mobile Site →
Comments